000 01559nam0a2200361 4500
001 RU\NLR\BIBL_A\010978194
005 20220325141805.0
010 _a978-5-389-10543-0
_910000
021 _aRU
_bКН-П-19-014075
_9КН-П-19-1052
021 _aRU
_bКН-П-20-078043
_9КН-П-20-5896
035 _a(NLR Aleph) 010978194
035 _a(RuMoRGB)010505096
035 _a(RuMoRGB)009499817
035 _a(NILC)RuMoRGB-008119931
090 _a10856590
_c10856590
100 _a20160209d2016 k y0rusy50 ca
101 1 _arus
_ceng
102 _aRU
105 _aa|||z|||000ay
200 1 _aУдивительное путешествие кролика Эдварда
_e[сказочная повесть
_eдля младшего школьного возраста]
_fКейт ДиКамилло
_gпер. с англ. - Ольга Варшавер
_gхудож. Баграм Ибатуллин
210 _aМосква
_cМахаон
_cАзбука-Аттикус
_d2016
215 _a142, [1] с.
_cил.
_d22
225 1 _aЧтение - лучшее учение
333 _a0+
686 0 _aШ9(7США)60-4
700 1 _7ca
_8rus
_aДиКамилло
_bК.
_f1964-
_gКейт
_974138
_3RU\NLR\AUTH\7791211
702 1 _4040
_aИбатуллин
_bБ.
_cиллюстратор детских книг
_gБаграм
_9185797
_3RU\NLR\AUTH\770185848
801 0 _aRU
_bРГБ
_c20160120
_gRCR
942 _cBOOK
980 _aNB